000 01081nam a2200313 i 4500
001 bg
003 KOSZ 005
005 20190829135814.0
008 020718s1978 pl a f |001 0 pol
015 _aPB 1978/7317
035 _a(OCoLC)749855993
040 _aWA N
_cKOSZ 005/HR
_dKOSZ 005/HR
080 _a62:51
100 1 _aPogorzelski, Witold
_d(1895-1963).
245 1 0 _aOptymalizacja układów technicznych w przykładach /
_cWitold Pogorzelski.
260 _aWarszawa :
_bWydawnictwa Naukowo-Techniczne,
_c1978.
300 _a178, [2] s. :
_bil. tab. wykr. ;
_c25 cm.
336 _2rdacontent
_aTekst
_btxt
337 _2rdamedia
_aBez urządzenia pośredniczącego
_bn
338 _2rdacarrier
_aWolumin
_bn
380 _aKsiążki.
504 _aBibliogr. Indeks.
650 4 _aProjektowanie
650 4 _aOptymalizacja
650 4 _aUrządzenia
710 2 _aWydawnictwa Naukowo-Techniczne
_4pbl.
856 _uhttp://koha.tu.koszalin.pl/cgi-bin/koha/opac-detail.pl?biblionumber=9739
_yKatalog online BPK
942 _2UKD
_cKS
999 _c9739
_d9739